00260pab a2200109 454500008004000000245003800040260000900078300001000087362001100097650002700108773001500135180718b1986 xxu||||| |||| 00| 0 eng d aStir within Muslim intelligentsia c1986 a28-32 a8 Mar. aMohammedan Law - India aMainstream